Les joueurs transférés au Real Madrid (depuis 2000) - Statistiques

Statistiques générales
  • Ce quiz a été pris 1 262 fois
  • Le résultat moyen est 29 sur 63
Statistiques - réponses
Prix en millions Année Joueurs % Correct
94 2009 Cristiano Ronaldo
99%
45 2002 Ronaldo
98%
100 2013 Gareth Bale
96%
35 2009 Karim Benzema
93%
72 2001 Zinedine Zidane
92%
100 2019 Eden Hazard
91%
30 2012 Luka Modric
91%
25 2014 Toni Kroos
88%
35 2018 Thibaut Courtois
82%
45 2018 Vinicius Junior
82%
27 2005 Sergio Ramos
81%
60 2000 Luis Figo
78%
67 2009 Kaka
76%
45 2019 Rodrygo Goes
76%
76 2014 James Rodriguez
75%
10 2011 Raphael Varane
75%
48 2019 Ferland Mendy
72%
30 2013 Isco
69%
30 2007 Pepe
68%
35 2003 David Beckham
67%
15 2010 Mesut Ozil
67%
25 2010 Angel Di Maria
63%
50 2019 Eder Militao
63%
10 2014 Keylor Navas
63%
13 2006 Gonzalo Higuain
60%
60 2019 Luka Jovic
60%
22 2018 Mariano Diaz
54%
35 2009 Xabi Alonso
54%
12 2010 Sami Khedira
51%
36 2007 Arjen Robben
48%
30 2016 Alvaro Morata
47%
20 2008 Lassana Diarra
45%
30 2011 Fabio Coentrao
42%
26 2006 Mahamadou Diarra
42%
24 2017 Theo Hernandez
38%
29 2015 Mateo Kovacic
35%
16,5 2017 Dani Ceballos
34%
14 2000 Claude Makelele
32%
12 2004 Michael Owen
30%
32,2 2013 Asier Illarramendi
29%
15 2006 Ruud Van Nistelrooy
29%
17 2018 Brahim Diaz
27%
10 2006 Fabio Cannavaro
26%
27 2007 Wesley Sneijder
25%
25 2005 Robinho
24%
15 2009 Raul Albiol
21%
30 2018 Alvaro Odriozola
19%
31,5 2015 Danilo
19%
20 2006 Fernando Gago
16%
13 2008 Rafael Van der Vaart
15%
14 2014 Lucas Silva
14%
10 2011 Nuri Sahin
13%
14 2007 Royston Drenthe
12%
20 2008 Klaas Jan Huntelaar
11%
10 2008 Ezequiel Garay
8%
12 2007 Gabriel Heinze
7%
20 2004 Jonathan Woodgate
7%
20 2005 Julio Baptista
7%
10 2010 Pedro Leon
6%
24 2004 Walter Samuel
5%
10 2006 Emerson
4%
12 2000 Pedro Munitis
3%
25 2000 Flavio Conceiçao
2%
Aucun quiz correspondant
Distribution des résultats
% des personnes avec chaque résultat
Percentile par nombre de réponses
Votre historique - résultats
Vous n’avez pas pris ce quiz